000
00283nam a2200121Ia 4500
008
220204s9999 xx 000 0 und d
082
_a
339.138
_b
HES
100
_a
Heskett, James L
245
0
_a
Marketing
260
_a
New York
_b
Macmillan
_c
1976
650
_a
Marketing
942
_c
BK
999
_c
24893
_d
24893